000 00339pab a2200145 454500
008 180718b1995 xxu||||| |||| 00| 0 eng d
100 _aKrishnarao, B.
245 _aA win - win situation for workers
260 _c1995
300 _ap.6
362 _a28 Nov
650 _aLabour - India
773 _aFinancial Express
909 _a30573
999 _c30573
_d30573